UFC : Top 10 hommes poids mouches - Statistiques

Statistiques générales
  • Ce quiz a été pris 42 fois
  • Le résultat moyen est 7 sur 10
Statistiques - réponses
Classement Pays Âge Combattants % Correct
Champion Brésil 35 Alexandre Pantoja
100%
1 Birmanie 24 Joshua Van
94%
2 Mexique 31 Brandon Moreno
83%
5 Japon 25 Tatsuro Taira
77%
3 Etats-Unis 33 Brandon Royval
69%
6 Nouvelle-Zélande 32 Kai Kara-France
63%
7 Angola 32 Manel Kape
63%
4 Irak 32 Amir Albazi
43%
9 Kazakhstan 31 Asu Almabayev
37%
8 Etats-Unis 33 Alex Perez
26%
Aucun quiz correspondant
Distribution des résultats
% des personnes avec chaque résultat
Percentile par nombre de réponses
Votre historique - résultats
Vous n’avez pas pris ce quiz